BUBT Library Online Catalog

Normal view MARC view
  • আ. ফ. ম. মহসীন

Entry Personal Name

Number of records used in: 1

001 - CONTROL NUMBER

  • control field: 5791

003 - CONTROL NUMBER IDENTIFIER

  • control field: OSt

005 - DATE AND TIME OF LATEST TRANSACTION

  • control field: 20240328024913.0

008 - FIXED-LENGTH DATA ELEMENTS

  • fixed length control field: 240328|| aca||aabn | a|a d

040 ## - CATALOGING SOURCE

  • Original cataloging agency: OSt
  • Transcribing agency: OSt

100 ## - HEADING--PERSONAL NAME

  • Personal name: আ. ফ. ম. মহসীন

670 ## - SOURCE DATA FOUND

  • Source citation: Work cat.: (OSt)1970: মহসীন, আ. ফ. ম. 5790, দেওয়ানী আইনের মূলনীতি/ , c2005

More Information About Library

Library Hours

  • Open: 9.00 am. to 9.00 pm.
  • Only Sunday: 9.00 am. to 6.00 pm.
  • Closed: Holiday

Contact to the University

Bangladesh University of Business and Technology Library

  • Mirpurl-2, 1216.
  • Phone:
  • Fax:
  • E-Mail: admin.library@bubt.edu.bd

Contact to the Library

Contact Person:

Md. Abdul Hakim Shah
Joint Librarian
PABX No:  113
Cell No: 01816332931
E-mail: official: admin.library@bubt.edu.bd
Personal: hakim.shah@bubt.edu.bd


BUBT Library

Copyright © 2021